00766nam a22001935i 4500001000700000003000900007005001700016008004100033100004200074245019400116260006500310300002100375500001900396700004000415700002100455700001400476700001600490852006600506172265ES-MaACL20230906214844.0090623s1979 fr |||| | fre d1 aPhilidor, François-André Danican.10aTom Jones b: comédie lyrique en 3 actes / cmusique de F.-A. Danican Philidor ; livret de M. Poinsinet d'après le roman populaire de H. Fielding ; adaptation de C. Charras et A. Gille. aParis : bThéatre National de l'Opéra de Paris, c[1979] a75 p. ; c21 cm. aSolo la letra.1 aPoinsinet, Antoine-Alexandre-Henri.0 aFielding, Henry.1 aGille, A.1 aCharras, C. aES-MaACLj2251-F-5 z.- Biblioteca Jacinto Martínez Lacalle